000 00273 a2200121 4500
001 146886
040 _cEscola São Tomás de Aquino
100 _aROCHA, Ruth
240 1 0 _aAtrás da porta
_lpor
245 1 0 _aAtrás da porta
697 _a*LITERATURA INFANTO
942 _cBK
999 _c146886
_d146886